1165 1357 1721 1975 1478 1510 1200 1969 1198 1891 1757 1728 1567 1449 1718 1175 1576 1125 1838 1206 1516 1408 1075 1754 1661 1164 1065 1272 1524 1613 1208 1124 1321 1080 1349 1475 1003 1580 1258 1353 1978 1337 1411 1675 1331 1176 1076 1323 1551 1557 1692 1764 1915 1775 1678 1093 1645 1698 1039 1991 1661 1911 1468 1135 1638 1919 1725 1024 1026 1812 1927 1360 1336 1627 1431 1747 1784 1829 1891 1270 1656 1858 1871 1018 1681 1602 1736 1178 1019 1447 1422 1541 1851 1458 1333 1268 1917 1369 1007 BCNSPRNW ULIB Ver.6.0+V

เปลี่ยนเป็นภาษาไทย

Change to English
 แสดงรายละเอียดบรรณานุกรม
  กลับหน้าหลัก

Brief Record : Get Marc (ISO 2709) : E-mail record : QR code < ปิดหน้าต่าง
LEADER : 00000nam 2200000uu 4500
001    13399125541
003     ULIB
008    170623s2559||||th 000 0 tha d
020    ^a9786163448101
060 04 ^aWB100^bภ414ห
100 0  ^aภาคภูมิ เดชหัสดิน
245 10 ^aหมอแล๊บ...ความเชื่อผิดๆชิดซ้าย เรื่องหลอกลวงชิดขวา /^cภาคภูมิ เดชหัสดิน
260    ^aกรุงเทพฯ :^bto share publishing house,^c2559.
300    ^a180 หน้า :^bภาพประกอบ ;^c18 ซม.
650  7 ^aสุขภาพ ^vรวมเรื่อง
945    ^p180^l0^i25217
999    ^aกัณชพร
รายการนี้ยังไม่มีแท็ก
คุณยังไม่ได้ล็อกอิน คุณสามารถมีกิจกรรมร่วมกับเว็บไซต์ได้ แต่ต้องล็อกอินก่อน ::
  ล็อกอิน

รายการสื่อสารสนเทศ

ลำดับที่ ประเภท เลขเรียก/บาร์โค้ด สถานที่ สถานะ
1. การศึกษาทั่วไป
การศึกษาทั่วไป
WB100 ภ414ห ฉ.1 
  Barcode: 25217
ห้องสมุดวิทยาเขตนครสวรรค์
►หนังสือทั่วไป:l:General Books
บนชั้น

รายการใกล้เคียง
    ผู้แต่ง [ภาคภูมิ เดชหัสดิน]

BibComment


ยังไม่เคยถูกคอมเมนท์

คอมเมนท์ทรัพยากรรายการนี้
  คอมเมนท์: หมอแล๊บความเชื่อ..


 Copyright 2026. Bcnsprnw @Library